banner-ar

OAPEC - EC WORKSHOP ON ENERGY DATA: BRUSSELS 1 - 4 OCTOBER 1984 / (Record no. 11900)

MARC details
000 -الفاتح
حقل البيانات ثابتة الطول 00652nam a2200217Ia 4500
008 - عناصر البيانات ثابتة الطول - معلومات عامة
حقل البيانات ثابتة الطول 140319s9999 xx 000 0 eng d
040 ## - مصدر الفهرسة
وكالة الفهرسة الأصلية GCL /
وكالة النسخ GCL
082 04 - رقم تصنيف ديوى العشرى
رقم التصنيف 333.79
رقم المادة O O
100 1# - المدخل الرئيسى - إسم شخصى
الإسم الشخصى COMUSSION OF THE EUROPEAN COMMINUNITICS
245 10 - بيان العنوان
العنوان OAPEC - EC WORKSHOP ON ENERGY DATA: BRUSSELS 1 - 4 OCTOBER 1984 /
بيان المسئوليه,etc COMUSSION OF THE EUROPEAN COMMINUNITICS
700 1# - المدخل الاضافى - اسم شخصى
الإسم الشخصى ORGANIZATION OF ARAB PETROLUM COUNTRIES
300 ## - الوصف المادى
التعداد 320 P
650 04 - المدخل الاضافى بالموضوع-مصطلح موضوعى
مصطلح موضوعي ENERGY
650 04 - المدخل الاضافى بالموضوع-مصطلح موضوعى
مصطلح موضوعي ECONOMIC
650 04 - المدخل الاضافى بالموضوع-مصطلح موضوعى
مصطلح موضوعي ENERGY INDUSTRIES
650 04 - المدخل الاضافى بالموضوع-مصطلح موضوعى
مصطلح موضوعي ENERGY POLICY
650 04 - المدخل الاضافى بالموضوع-مصطلح موضوعى
مصطلح موضوعي OAPEC
942 ## - عناصر المدخل الإضافي( كوها)
مصدر التصنيف او مخطط الترفيف Dewey Decimal Classification
Koha [default] item type كتاب
260 ## - PUBLICATION, DISTRIBUTION, ETC. (IMPRINT)
-- [S.N] :
-- ORGANIZATION OF ARAB PETROLUM
Holdings
حالة التراجع حالة الفقد حالة تلف ليس للاعارة المكان المؤقت الموقع الحالى تاريخ الاكتساب اجمالي اﻻعارات رقم الطلب الباركود تاريخ اخر مشاهدة تاريخ تفعيل السعر نوع وعاء كوها
        مكتبة القاهرة الكبرى مكتبة القاهرة الكبرى 03/26/2014   333.79\O O 23367 03/26/2014 03/26/2014 كتاب

Powered By

EGPV